| 000 | 004700000a22001570004500 | ||
|---|---|---|---|
| 090 |
_aAR _b00636 |
||
| 245 | 1 | 0 | _aEndemic bird species and conservation in the Cerrado Region, south America |
| 650 | 1 | 4 |
_aAves _992429 |
| 650 | 1 | 4 |
_aBiogeografía _992747 |
| 650 | 1 | 4 |
_aEndemismo _948559 |
| 650 | 1 | 4 |
_aSabanas _933142 |
| 041 | 0 | _aInglés | |
| 100 | 1 |
_aCardoso Da Silva, José María _993737 |
|
| 942 | _cARTICULO | ||
| 773 | 1 |
_tBiodiversity and Conservation _379 _h6 _q435-450 _d1997 |
|
| 999 |
_c9728 _d9728 |
||